Statistics for Largest Cities In Wisconsin

Click here to take the quiz!

General Stats

  • This quiz has been taken 50 times
  • The average score is 8 of 10

Answer Stats

Pop.City% Correct
595,351Milwaukee
100%
255,214Madison
98%
105,116Green Bay
93%
99,877Kenosha
88%
74,653Appleton
83%
68,587Eau Claire
83%
77,542Racine
80%
66,665Oshkosh
70%
72,489Waukesha
70%
63,479Janesville
50%

Score Distribution

Percentile by Number Answered

Percent of People with Each Score

Your Score History

You have not taken this quiz